Batman the Animated Series Design, or The New Batman Adventures? - Statistics

General Stats
  • This quiz has been taken 79 times
  • The average score is 12 of 14
Answer Stats
Hint Answer % Correct
Batman the Animated Series
96%
Batman the Animated Series
94%
Batman the Animated Series
93%
Batman the Animated Series
91%
Batman the Animated Series
89%
Batman the Animated Series
89%
Batman the Animated Series
89%
The New Batman Adventures
87%
The New Batman Adventures
81%
The New Batman Adventures
81%
The New Batman Adventures
81%
The New Batman Adventures
80%
The New Batman Adventures
78%
The New Batman Adventures
37%
No matching quizzes found
Score Distribution
Percent of People with Each Score
Percentile by Number Answered
Your Score History
You have not taken this quiz